书目信息 |
| 题名: |
光的波粒二象性
|
|
| 作者: | 程路 著 | |
| 分册: | ||
| 出版信息: | 天津 天津人民出版社 1979 |
|
| 页数: | 126页 | |
| 开本: | 19cm | |
| 丛书名: | ||
| 单 册: | ||
| 中图分类: | O431 | |
| 科图分类: | ||
| 主题词: | 波粒二象性 | |
| 电子资源: | ||
| ISBN: | ||
| 000 | 00526nam0 2200205 45 | |
| 001 | 0179000891 | |
| 005 | 20060817155030.17 | |
| 010 | @dCNY0.27 | |
| 100 | @a19950726d1979 em y0chiy0121 ea | |
| 101 | 0 | @achi |
| 102 | @aCN@b120000 | |
| 105 | @ay z 000yy | |
| 200 | 10 | @a光的波粒二象性@Aguang de bo li er xiang xing@f程路著 |
| 210 | @a天津@c天津人民出版社@d1979 | |
| 215 | @a126页@d19cm | |
| 606 | @a波粒二象性 | |
| 690 | @aO431@v3 | |
| 701 | 0 | @a程路@Acheng lu@4著 |
| 801 | 0 | @aCN@bTSSF@c20060817 |
| 905 | @a10447@dO431@e95 | |
| 光的波粒二象性/程路著.-天津:天津人民出版社,1979 |
| 126页;19cm |
| ISBN :CNY0.27 |
| ● |
| 相关链接 |
|
|
|
|
正题名:光的波粒二象性
索取号:O431/95
 
预约/预借
| 序号 | 登录号 | 条形码 | 馆藏地/架位号 | 状态 | 备注 |
| 1 | 0433823 | 204338234 | 密集书库/ [索取号:O431/95] | 在馆 | |
| 2 | 0433824 | 204338243 | 密集书库/ [索取号:O431/95] | 在馆 | |
| 3 | 0468460 | 204684608 | 密集书库/ [索取号:O431/95] | 在馆 |